01386nam a2200277 a 450000100100000000500170001000800410002704000250006808200160009324000350010924502400014425000120038426000930039630000190048953400540050870000250056270000320058770000380061970000450065771000320070204900090073495201140074395201140085795201200097199900170109100002323920200930022100.0101130s1969 mx 000 0 spa d aDO-SdBNPbspacBNPHU axxxxbxxxxx10aIstoriia filosofii.lEspañol10aHistoria de la filosofía :bdesde finales del siglo xix hasta la revolución socialista de octubre de 1917 /cRedacción general M. A. Dynnik... [et.al]; traducción José Laín, Augusto Vidal Roget y Adolfo Sánchez Vásquez. a2a. ed. aMéxico, D. F. :beditada por la Academia de CienciasbInstituto de Filosofía,c1969. av. 5 ;c21 cm. aTítulo de la obra en ruso :tIstoriia filosofii1 aDynnik, M. A.9478461 aLaín, José,etr.9478471 aVidal Roget, Augusto,etr.9478591 aSánchez Vásquez, Adolfo,etr.9471532 aAcademia de Ciencias947860 aBNGR 001054708MOaGRbGRcCTd2010-11-30iLF1l0ov. 5p23239-10r2020-06-25w2020-06-25y4ZPréstamo en sala 001054708MOaGRbGRcCTd2012-10-03iLF1l0ov. 6p23239-20r2020-06-25w2020-06-25y4ZPréstamo en sala 001054708MOaGRbGRcCTd2012-10-03iLF1l0oxxxx xxxxxp23239-30r2020-06-25w2020-06-25y4ZPréstamo en sala c22736d22736